Pictogrammes de sécurité - Statistiques

Statistiques générales
  • Ce quiz a été pris 185 fois
  • Le résultat moyen est 5 sur 9
Statistiques - réponses
Par images Réponse % Correct
inflammable
96%
explosif
73%
corrosif
71%
dangereux pour l'environnement
65%
radioactif
55%
gaz sous pression
43%
toxique / irritant
42%
dangereux pour la santé
18%
toxicité aiguë
13%
Aucun quiz correspondant
Distribution des résultats
% des personnes avec chaque résultat
Percentile par nombre de réponses
Votre historique - résultats
Vous n’avez pas pris ce quiz